Statistiken für UEFA Nations League Liga A 2022/2023

Klicken Sie hier um das Quiz zu spielen!

Allgemein

  • Dieses Quiz wurde 266 mal gespielt
  • Das Durchschnittsergebnis liegt bei 14 aus 16

Antwortstatistiken

GroupLand% Korrekt
Gruppe 3Deutschland
99%
Gruppe 1Frankreich
97%
Gruppe 3Italien
96%
Gruppe 2Portugal
96%
Gruppe 3England
95%
Gruppe 2Spanien
95%
Gruppe 1Kroatien
92%
Gruppe 4Belgien
91%
Gruppe 4Niederlande
91%
Gruppe 2Schweiz
91%
Gruppe 1Dänemark
90%
Gruppe 1Österreich
89%
Gruppe 3Ungarn
89%
Gruppe 4Polen
85%
Gruppe 2Tschechien
80%
Gruppe 4Wales
67%

Verteilung der Resultate

Perzentil nach korrekt beantworteten Fragen

Anzahl Personen mit jedem Resultat

Ihre Resultats-Entwicklung

Sie haben dieses Quiz noch nicht gespielt